Transactions of the Royal Asiatic Society of Great Britain and Ireland

Bibliografiset tiedot
Aineistotyyppi: Elektroninen Aikakauslehti
Kieli:English
Julkaistu: Cambridge University Press
Aiheet:
Linkit:Full text available on JSTOR[1824-01-01 - 1834-01-01]
Off-campus access
LEADER 01012cas a2200205 a 4500
001 AALejournalJSTOR002949
008 230228c9999 xx r poo 0 0eng d
022 |a 0950-4737 
040 |a BD-DhAAL  |c BD-DhAAL 
245 0 0 |h [electronic resource]  |a Transactions of the Royal Asiatic Society of Great Britain and Ireland 
260 |b Cambridge University Press 
300 |a 1 online resource 
362 0 |a Vol. 1,  |a no. 1 
500 |a <strong>Off-Campus Access:</strong> Athens ID and Password Required 
500 |a <strong>On-Campus Access:</strong> No User ID or Password Required 
506 |a Electronic access restricted to authorized BRAC University faculty, staff and students 
538 |a Mode of access: Internet 
650 4 |a Area Studies ; Asian Studies 
856 4 0 |z Full text available on JSTOR[1824-01-01 - 1834-01-01]  |u https://www.jstor.org/journal/tranrasgrbritire 
856 4 0 |z Off-campus access  |u https://go.openathens.net/redirector/bracu.ac.bd?url=https%3A%2F%2Fwww.jstor.org%2Fjournal%2Ftranrasgrbritire